OFicina de supervisión de proyectos de la Universidad Nacional Agraria, UNA

Presenta la experiencia vivida en el desarrollo de las prácticas profesionales y la experiencia de cada uno de los proyectos desarrollados en la Universidad Nacional Agraría. Por lo tanto, en este docuemnto se se describen las etapas en las cuales el autor tuvo participación.

Bibliographic Details
Main Author: Castillo González, Luis Miguel
Other Authors: Tutor: Mayorga Navarro, Eduardo José
Format: Tesis Section = Libro
Language:Undetermined
Spanish
Published: Managua UNI 2019
Subjects:
LEADER 01101nam a2200253Ia 4500
008 240830s9999 xx 000 0 und d
040 |a BIBLIOTECA-RUSB/ Mon 727.3 C352 
041 |a spa 
082 |a Mon 727.3 C352 
100 1 |a Castillo González, Luis Miguel 
245 1 0 |a OFicina de supervisión de proyectos de la Universidad Nacional Agraria, UNA 
260 |a Managua  |b UNI  |c 2019 
300 |a 149 p. :il. 
500 |a Contiene: práctica profesional, anexos y CD. 
502 |a Tesis (Arquitecto) - UNI, 2019. 
520 3 |a Presenta la experiencia vivida en el desarrollo de las prácticas profesionales y la experiencia de cada uno de los proyectos desarrollados en la Universidad Nacional Agraría. Por lo tanto, en este docuemnto se se describen las etapas en las cuales el autor tuvo participación. 
650 7 |a PRACTICAS PROFESIONALES 
650 7 |b  FORMACION PROFESIONAL 
650 7 |c  construcción DE EDIFICIOS-PEOYECTOS 
650 7 |d  ARQUITECTURA-DISEÑOS Y PLANOS 
700 1 |a Tutor:  |b Mayorga Navarro, Eduardo José 
942 |c BK  |2 ddc 
991 |a TESIS 
999 |c 21392